| 000 | 00742nam a2200205 a 4500 | ||
|---|---|---|---|
| 001 | 000012502 | ||
| 005 | 20240530073914.0 | ||
| 008 | 091113s1995 dr 001 f spa d | ||
| 040 |
_aDO-SdBNP _bspa _cBNPHU |
||
| 082 |
_aRD863.44 _bH565v |
||
| 100 | 1 |
_aHerrera Ramírez, Milcíades Augusto, _d1947- _929218 |
|
| 245 | 1 | 0 |
_aVaquerito / _cMilcíades Augusto Herrera Ramírez ; edición María Solange Sosa Santana. |
| 260 |
_aHigüey, República Dominicana : _bImpresos J. Fernández, _c1995. |
||
| 300 |
_a146 p. ; _c21 cm. |
||
| 590 | _aInventariado, 2019/BT | ||
| 650 | 0 |
_aNovela dominicana _9223 |
|
| 650 | 0 |
_aLiteratura dominicana. _967 |
|
| 700 | 1 | 2 |
_aSosa Santana, María Solange, _eed. _929219 |
| 910 | _aValidado. Control de calidad MFF | ||
| 999 |
_c12157 _d12157 |
||